000 00736nam a22002297a 4500
005 20250327152334.0
008 250327b |||||||| |||| 00| 0 eng d
020 _a978-1-03-227176-7 (pbk)
037 _cTB
040 _aCRL
_cCRL
041 _2eng
_aeng
084 _aP:(V:71) R4
_qCRL
100 _aCarling, Gerd
_9751542
245 _aLinguistic archaeology:
_bAn introduction and methodological guide
260 _aNew York, USA:
_bRoutledge,
_c2024
300 _axiv,181p.
365 _b37.99
_cUKP
650 _aLiungustis
_9751543
650 _aArchaeology
_9256899
942 _2CC
_cTB
_hP:(V:71) R4
_n0
999 _c1308241
_d1308241